000 00718nam a2200217 i 4500
001 58378
003 ES-MaACL
005 20250920063041.0
007 t|
008 031022s1964 ve ||||1| spa d
100 1 _aDuverger, Maurice,
_d1917-2014
_946383
245 1 0 _aIntroducción a la política /
_cMaurice Duverger ; [versión castellana de Jorge Esteban].
260 _aCaracas :
_bAriel,
_c[1964]
300 _a279 p. ;
_c20 cm.
490 1 _aDemos. Biblioteca de ciencia política
650 7 _aPolítica
_2embne
_9140345
700 1 _aEsteban, Jorge de.
_948032
830 0 _aDemos. Biblioteca de ciencia política
_9182643
852 _aES-MaACL
_jC-26883
_bR.55772
999 _c58378
_d58378